Corporate accounting (Record no. 5432)

MARC details
000 -LEADER
fixed length control field 00502cam a2200205ua 4500
008 - FIXED-LENGTH DATA ELEMENTS--GENERAL INFORMATION
fixed length control field 131127n ii |||gr||||Z||||||eng
040 ## - CATALOGING SOURCE
Transcribing agency MAIN
082 ## - DEWEY DECIMAL CLASSIFICATION NUMBER
Classification number 657
245 ## - TITLE STATEMENT
Title Corporate accounting
Statement of responsibility, etc. By K.R. Das
250 ## - EDITION STATEMENT
Edition statement 1st ed.
260 ## - PUBLICATION, DISTRIBUTION, ETC.
Place of publication, distribution, etc. Guwahati:
Name of publisher, distributor, etc. Manab publications,
Date of publication, distribution, etc. 2012.
300 ## - PHYSICAL DESCRIPTION
Extent IV.61p.
700 ## - ADDED ENTRY--PERSONAL NAME
Personal name Das,K.R.,
Relator term
700 1# - ADDED ENTRY--PERSONAL NAME
Personal name Sinha,K.M.,
Relator term
700 1# - ADDED ENTRY--PERSONAL NAME
Personal name Kuri,S.,
Relator term
942 ## - ADDED ENTRY ELEMENTS (KOHA)
Koha item type Books
653 ## - INDEX TERM--UNCONTROLLED
Uncontrolled term Commerce
653 ## - INDEX TERM--UNCONTROLLED
Uncontrolled term Corporate accounting
Holdings
Withdrawn status Lost status Damaged status Not for loan Home library Current library Shelving location Date acquired Total Checkouts Full call number Barcode Date due Date last seen Date last checked out Copy number Price effective from Koha item type
        Central Library, Naharkatiya College Central Library, Naharkatiya College General Stacks 19/09/2020 1 657 | DAS 22295 03/05/2022 18/04/2022 18/04/2022 1 19/09/2020 Books

Naharkatiya College © 2020. All rights reserved.

Powered By